header

The imagined economies of globalization (Record no. 72970)

MARC details
000 -LEADER
fixed length control field 01330nam a2200349 a 4500
082 04 - DEWEY DECIMAL CLASSIFICATION NUMBER
Classification number 337
100 1# - MAIN ENTRY--AUTHOR NAME
Personal name Cameron, Angus,
245 14 - TITLE STATEMENT
Title The imagined economies of globalization
260 ## - PUBLICATION, DISTRIBUTION, ETC. (IMPRINT)
Place of publication London ;
-- Thousand Oaks, CA. :
Name of publisher SAGE,
Year of publication 2004.
300 ## - PHYSICAL DESCRIPTION
Number of Pages 186 p.
650 #0 - SUBJECT ADDED ENTRY--TOPICAL TERM
Topical Term International economic integration.
Topical Term Globalization
Topical Term International economic relations.
700 1# - ADDED ENTRY--PERSONAL NAME
Personal name Palan, Ronen,
856 40 - ELECTRONIC LOCATION AND ACCESS
Uniform Resource Identifier http://site.ebrary.com/lib/rucke/Doc?id=10076778

No items available.

© 2026 Rongo University
Contact us: librarian | system librarian | Rongo university